00771cam a22001691 4500082001600000100004100016245025100057250001200308260004800320300003200368526003700400650002700437650001300464942001200477999001900489952009300508 a621bRAPcL1 aRapson, Ernest Thomas Arthur,94113910aExperimental electrical engineering;ba book covering the experimental work necessary for students taking the ordinary and higher national certificates in electrical engineering, and also the B. Sc. and I. E. E. examinations,cby E. T. A. Rapson. a4th ed. aLondon,bSir I. Pitman & Sons, Ltd.,c1943. aix, 205 p.bdiagrs.c19 cm. a0b0c0d621_000000000000000_RAP 0aElectrical engineering 0aMCE9379 2ddccBK c545328d545328 00102ddc4070aMCEbMCEd2014-05-21l0o621 RAPpMCE-29818r2014-05-21w2014-05-21yBK